000
00340nam a22001457a 4500
008
230112b ||||| |||| 00| 0 eng d
020
_a
9781457699511
041
_a
eng
080
_2
BRIEF EDITION
_a
39
082
_a
39
100
_a
32
101
_a
LITERATURE
245
_a
PATTERNS FOR COLLEGE WRITING
_c
KIRSZNER G.L
942
_2
udc
_c
BK
999
_c
59231
_d
59231